000
00219nam a22001097a 4500
082
_a
530.E ENE
100
_a
PRENIS JOHN
_9
75043
245
_a
ENERGY BOOK.2
260
_a
USA
_b
PDF
_c
1977
300
_a
125P
942
_c
BK
999
_c
580535
_d
580535